000 01201nam a22003377a 4500
003 CHAP
005 20220329134914.0
008 971013s1980 r 00010 d
010 _a27825
011 _a28797
035 _a32908
040 _cCHAP
090 _aFolleto 10584
100 0 0 _aMabbutt, J. A.
_eed.
_969318
245 _aResearch and training for management of arid lands with special reference to anglophone Africa and the universsity of Krartoum
_b: proceedings of a workshop held...
260 _aTokyo :
_bThe United Nations University,
_c1980
300 _a50 p
490 _aNRTS-13/UNUP-198
590 _aBATCH-UPD
_b10
_c20130110
_lUCH01
_h0143
590 _aBATCH-UPD
_b10
_c20130110
_lUCH01
_h1143
590 _aBATCH-UPD
_b10
_c20130410
_lUCH01
_h1040
590 _aBATCH-UPD
_b10
_c20130914
_lUCH01
_h0321
590 _aCONVERSION
_b10
_c20130109
_lUCH01
_h1316
650 1 4 _aAgricultura
_xAfrica
_zAfrica.
_9175391
650 1 4 _aAgricultura
_xRegiones áridas.
_91781
650 1 4 _aRegiones áridas
_xInvestigación.
_995686
830 0 _aNRTS-13/UNUP-198
_982098
901 _aBK
942 _cFOLL
949 _aFolleto 10584
_bBC
_cFOLL
_d-76633
_eTS1
_gI.130635
_i32908
_si
_t3720.00
999 _c27825
_d27825